Online Catalogue and eLibrary

Culture, Media, Language: (Record no. 1060)

MARC details
000 -LEADER
fixed length control field 00605nam a2200229Ia 4500
005 - DATE AND TIME OF LATEST TRANSACTION
control field 20250312053319.0
008 - FIXED-LENGTH DATA ELEMENTS--GENERAL INFORMATION
fixed length control field 240331s9999 xx 000 0 und d
020 ## - INTERNATIONAL STANDARD BOOK NUMBER
ISBN 0415079063
082 ## - DDC Classification
Class No. 301.02
Item Number - Author Mark CUL
DDC Edition Number 3356
245 #0 - TITLE STATEMENT
Title Culture, Media, Language:
Remainder of title Working Papers in Cultural Studies, 1972-79
260 ## - PUBLICATION, DISTRIBUTION, ETC.
Place of publication, distribution, etc. New York;
-- London,
Name of publisher, distributor, etc. Routledge
Date of publication, distribution, etc. 1980
300 ## - PHYSICAL DESCRIPTION
Extent (e.g. Volumes, Pages etc.) 311 p.,
650 ## - SUBJECT ADDED ENTRY--TOPICAL TERM
Topical term or geographic name entry element Ethnography
650 ## - SUBJECT ADDED ENTRY--TOPICAL TERM
Topical term or geographic name entry element Media Studies
650 ## - SUBJECT ADDED ENTRY--TOPICAL TERM
Topical term or geographic name entry element Language
650 ## - SUBJECT ADDED ENTRY--TOPICAL TERM
Topical term or geographic name entry element Culture
700 ## - ADDED ENTRY--PERSONAL NAME
Personal name Hall, S
Relator term (Role) Editor
700 ## - ADDED ENTRY--PERSONAL NAME
Personal name Hobson, D
Relator term (Role) Editor
700 ## - ADDED ENTRY--PERSONAL NAME
Personal name Lowe, A
Relator term (Role) Editor
700 ## - ADDED ENTRY--PERSONAL NAME
Personal name Willis, P
Relator term (Role) Editor
942 ## - Koha item type (Biblio)
Koha item type Books in Stacks (Lending)
Holdings
Lost status Damaged status Collection code Home library Current library Shelving location Date acquired Full call number Accession Number Item type
    Lending WERC Library WERC Library Social Science Cupboard 03/31/2024 301.02 CUL 3356 Books in Stacks (Lending)

© WERC Library